Why public schools? /

Bibliographic Details
Main Author: Clausen, Henry C., 1905-
Format: Book
Language:English
Published: [Place of publication not identified] : The Supreme Council, 33 ancient and accepted Scottish Rite of Freemasonry Mother Jurisdiction of the World, 1979.
Subjects:

MARC

Tag First Indicator Second Indicator Subfields
LEADER 00000cam a2200000 a 4500
001 in00000081903
005 20151008054206.0
008 800620s1979 xx a 00010 eng d
010 |a  79066968  
035 |a (OCoLC)06442591 
035 |9 AAH9927AM 
040 |a MFM  |c MFM  |d TXA  |d UtOrBLW 
043 |a n-us--- 
049 |a TXAM  |c [1271766] 
090 |a LA210  |b .C5439 
100 1 |a Clausen, Henry C.,  |d 1905- 
245 1 0 |a Why public schools? /  |c Henry C. Clausen. 
264 1 |a [Place of publication not identified] :  |b The Supreme Council, 33 ancient and accepted Scottish Rite of Freemasonry Mother Jurisdiction of the World,  |c 1979. 
300 |a xvii, 78 pages :  |b illustrations (some color) ;  |c 33 cm. 
336 |a text  |b txt  |2 rdacontent 
337 |a unmediated  |b n  |2 rdamedia 
338 |a volume  |b nc  |2 rdacarrier 
650 0 |a Public schools  |z United States. 
999 |a MARS 
999 f f |s d8e5718c-0dc9-3f18-ad28-82be7304d163  |i fccbaf88-acbe-303a-8c91-9177263b48b8  |t 0 
952 f f |p normal  |a Texas A&M University  |b College Station  |c Sterling C. Evans Library  |d Evans: Library Stacks  |t 0  |e LA210 .C5439  |h Library of Congress classification  |i unmediated -- volume  |m A14806158434 
998 f f |a LA210 .C5439  |t 0  |l Evans: Library Stacks